Leader xxxxxxxxxx
001 __ 102450/5/01
005 __ 20170410105846.716
010 0_ |a978-986-344-294-3|b平裝|d新臺幣320元
020 __ |atw|b104025441
042 __ |anbic
100 __ |a20170410d2015 k y0chiy50 e
101 0_ |achi
102 __ |atw
105 __ |ay z 000ay
200 1_ |a建豐二年|e新中國烏有史|f陳冠中著
205 __ |a初版
210 __ |a臺北市|c麥田,城邦文化出版|c家庭傳媒城邦分公司發行|d2015[民104]
215 0_ |a248面|d21公分
225 12 |a麥田文學|v288
510 1_ |aThe second year of Jianfeng|ean alternative history of NewChina|zeng
517 1_ |a新中國烏有史|zchi
700 _1 |a陳|b冠中|4著
681 __ |a857.7|b8726
801 _0 |atw|bLibDipper|c20170410|gCCR
|